ბათუმის შოთა რუსთაველის სახელმწიფო უნივერსიტეტის ბიბლიოთეკა

ისევ თორმეტსავე სავარძელზე გაშხლართულ იუდაზე ანუ რა მოხდა ე.მ.პ. "ჭყონდიდელში"?! ნაწ. 2. / (ბიბ.ჩანაწერი № 45429)

000 -ლიდერი
ფიქსირებული სიგრძის საკონტროლო ველი 01445nam a2200229Ia 4500
001 - საკონტროლო ნომერი
საკონტროლო ველი 12253
003 - საკონტროლო ნომრის იდენტიფიკატორი
საკონტროლო ველი GE_BSU
005 - ბოლო ოპერაციის თარიღი და დრო
საკონტროლო ველი 20240705113344.0
008 - ფიქსირებული სიგრძის მონაცემთა ელემენტები - ზოგადი ინფორმაცია
ფიქსირებული სიგრძის საკონტროლო ველი 181216s2001||||geo|||||||||||||| ||ge ||
040 ## - კატალოგიზაციის წყარო
Transcribing agency GE_BSU
041 ## - ენის კოდი
Language code of text/sound track or separate title geo
080 ## - უნივერსალური ათობითი კლასიფიკაციის ინდექსი
Universal Decimal Classification number 821.353.1–92 ს–372
100 ## - მთავარი ჩანაწერი - პიროვნების სახელი
Personal name საჯაია, სერგი (გიორგი)
9 (RLIN) 6037
245 ## - ცნობა სათაურის შესახებ
Title ისევ თორმეტსავე სავარძელზე გაშხლართულ იუდაზე ანუ რა მოხდა ე.მ.პ. "ჭყონდიდელში"?! ნაწ. 2. /
Statement of responsibility, etc სერგი (გიორგი) საჯაია ; რედ. ცისანა ბაბლოვანი.
264 ## - წარმოების, გამოცემის, დისტრიბუციის და სხვა ცნობები
გამოცემის, წარმოების, დისტრიბუციის... ადგილი თბილისი :
გამოცემის, წარმოების, დისტრიბუციის... თარიღი 2001.
300 ## - ფიზიკური აღწერა
Extent 208 გვ.;
Dimensions 20 სმ.
500 ## - ზოგადი შენიშვნა
General note გამოცემა წარმოადგენს წიგნის "როცა თორმეტსავე სავარძელზე იუდა გაიშხლართა" გაგრძელებას
500 ## - ზოგადი შენიშვნა
General note დანართი გვ. 204
653 ## - INDEX TERM--UNCONTROLLED
Uncontrolled term ისევ თორმეტსავე სავარძელზე გაშხლართულ იუდაზე ანუ რა მოხდა ე.მ.პ. "ჭყონდიდელში"?! ნ.II.
700 ## - ADDED ENTRY--PERSONAL NAME
Personal name ბაბლოვანი, ცისანა
Relator term რედაქტორი
9 (RLIN) 22729
942 ## - ADDED ENTRY ELEMENTS (KOHA)
Koha item type წიგნი
Source of classification or shelving scheme
ეგზემპლარები
ჩამოწერის სტატუსი დაკარგული ეგზემპლარის სტატუსი კლასიფიკაციის წყარო ან თაროზე გაწყობის სქემა დაზიანების სტატუსი არ გაიცემა მუდმივი მდებარეობა (დაცვის ადგილი) ამჟამინდელი ადგილსამყოფელი თაროზე განთავსების ადგილი შეძენის თარიღი სრული შენახვის შიფრი შტრიხკოდი ბოლო ოპერაციის თარიღი ეგზემპლარის მიმდევრობითი ნომერი (კეტერი?) ფასის ძალაში შესვლის თარიღი ეგზემპლარის სახეობა
          ბათუმის შოთა რუსთაველის სახელმწიფო უნივერსიტეტის მთავარი ბიბლიოთეკა ბათუმის შოთა რუსთაველის სახელმწიფო უნივერსიტეტის მთავარი ბიბლიოთეკა წიგნსაცავი 2018-12-17 821.353.1–92 ს–372 27076 2018-12-17 27076 2018-12-17 წიგნი